000 00412nam a2200181Ia 4500
001 5137
005 20260306145846.0
008 260306t2015||||xx |||||||||||||| ||spa||
041 _aESP
082 _a333.91
_bP86
100 _aPrice, Michael
_eAUT
245 0 _aAgua subterránea
260 _c2015
300 _axiv, 330 páginas :
_c23 cm.
650 _aGEN
654 _aCAN
942 _cLIB
_dJUS
_fJUS
_2ddc
_n
999 _c5137
_d5137